000 00295nam a2200109Ia 4500
008 201217s9999 xx 000 0 und d
100 _aKher, Manik
245 0 _aLabour - Management Court Battles : The Manoeuvring Game
260 _aPune
_bTimes Research Foundation
300 _a126
942 _cBK
999 _c7670
_d7670